[Event "GER-ch U08"]
[Site "Willingen"]
[Date "2024.05.24"]
[Round "6"]
[White "Graf, Tom"]
[Black "Blum Barth, Elias"]
[Result "1/2-1/2"]
[WhiteElo "1456"]
[BlackElo "1093"]
[PlyCount "86"]
[EventDate "2024.05.22"]
[EventType "swiss"]
[EventRounds "7"]
[EventCountry "GER"]
[SourceTitle "CBM 220 Extra"]
[Source "ChessBase"]
[SourceDate "2024.07.31"]
[SourceVersion "1"]
[SourceVersionDate "2024.07.31"]
[SourceQuality "1"]

1. e4 d6 2. d4 Nf6 3. Nc3 g6 4. f3 c6 5. Be3 b5 6. Qd2 a5 7. a3 Ba6 8. Bd3 Qc7 9. Nge2 c5 10. Nf4 Nbd7 11. Nfd5 Qb7 12. dxc5 Nxd5 13. Nxd5 dxc5 14. b3 Bg7 15. Rb1 e6 16. Nf4 b4 17. axb4 cxb4 18. Bxa6 Qxa6 19. Qd1 Rd8 20. Qe2 Qc8 21. 0-0 0-0 22. Nh3 Nc5 23. Qf2 Nb7 24. Rfc1 Qb8 25. Qh4 h5 26. Bf4 Qa7+ 27. Kh1 Qc5 28. Qg3 e5 29. Bg5 f6 30. Bh6 Bxh6 31. Qxg6+ Bg7 32. Rd1 Rxd1+ 33. Rxd1 Qxc2 34. Rd7 Qc1+ 35. Ng1 Qh6 36. Qxh6 Bxh6 37. Rxb7 Rd8 38. g3 Rd3 39. Rb5 Rxb3 40. Rxa5 Rb1 41. Kg2 b3 42. Rb5 b2 43. Ne2 Be3 1/2-1/2

[Event "GER-ch U08"]
[Site "Willingen"]
[Date "2024.05.23"]
[Round "3"]
[White "Blum Barth, Elias"]
[Black "Liu, Peilin"]
[Result "0-1"]
[WhiteElo "1093"]
[BlackElo "1605"]
[PlyCount "120"]
[EventDate "2024.05.22"]
[EventType "swiss"]
[EventRounds "7"]
[EventCountry "GER"]
[SourceTitle "CBM 220 Extra"]
[Source "ChessBase"]
[SourceDate "2024.07.31"]
[SourceVersion "1"]
[SourceVersionDate "2024.07.31"]
[SourceQuality "1"]

1. e4 e5 2. Nf3 Nc6 3. Bc4 Bc5 4. c3 Nf6 5. d4 exd4 6. cxd4 Bb4+ 7. Bd2 Nxe4 8. Bxb4 Nxb4 9. Bxf7+ Kxf7 10. Qb3+ Kf8 11. Qxb4+ Qe7 12. Qxe7+ Kxe7 13. Na3 d5 14. 0-0 Bg4 15. Ne5 Bf5 16. f3 Nf6 17. Rfe1 Be6 18. Nd3 Rhe8 19. Nb5 Kd8 20. Nc3 b6 21. Nf4 Kd7 22. Re2 Re7 23. Rae1 Rae8 24. Kf2 c6 25. h4 Bf7 26. g4 Rxe2+ 27. Rxe2 Rxe2+ 28. Kxe2 h6 29. Nh3 a5 30. a4 Be6 31. Ke3 h5 32. Nf4 hxg4 33. Nxe6 Kxe6 34. fxg4 Nxg4+ 35. Kf4 Nf6 36. Kg5 Ne4+ 37. Nxe4 dxe4 38. Kf4 e3 39. Kxe3 Kf5 40. Kf3 c5 41. d5 Ke5 42. Kg4 Kxd5 43. Kf5 Kc4 44. Kg6 Kb3 45. Kxg7 Kxb2 46. h5 c4 47. h6 c3 48. h7 c2 49. h8Q c1Q 50. Kg6+ Qc3 51. Qh2+ Qc2+ 52. Qxc2+ Kxc2 53. Kf5 Kb3 54. Ke4 Kxa4 55. Ke3 Kb3 56. Kd3 a4 57. Kd2 Kb2 58. Kd3 a3 59. Kd4 a2 60. Kd3 a1Q 0-1